000 00424nam a2200181Ia 4500
001 16355
005 20260306170303.0
008 260306t2011||||xx |||||||||||||| ||und||
041 _aESP
082 _a348.54
_bB94
100 _aBureau Business Scholl
_eAUT
245 0 _aAuditorĂ­as ambientales
260 _c2011
300 _a375 páginas :
_c23 cm.
650 _aGEN
654 _aCDE
942 _cLIB
_dJUS
_fJUS
_2ddc
_n
999 _c16355
_d16355